000 00468nam a2200121 a 4500
008 120416s2001 ||||||||||||||||| || u
050 _aTHESIS
100 _aNdhlovu, Paul R
245 1 0 _aKamwala transit centre
260 _aKitwe
_bCopperbelt University, School of Built Environment, Department of Architecture
_c2001
350 _a0.00
995 _D0.00
_FCBU-MAIN LIBRARY (Kitwe)
_H1
_I0.00
_UAVAILABLE
_ZUniversity Collection
999 _c48559
_d48559